A biztositási [!biztosítási] törvényhozás a külföldi államokban
Elmentve itt :
| Dokumentumtípus: | Cikk |
|---|---|
| Megjelent: |
1892
|
| Sorozat: | A kereskedelmi jog és ismeretek tára : havi folyóirat
2 No. 11 |
| Kulcsszavak: | Jogtudomány, Közgazdaságtudomány |
| Online Access: | http://misc.bibl.u-szeged.hu/2459 |
| LEADER | 00603nab a2200157 i 4500 | ||
|---|---|---|---|
| 001 | misc2459 | ||
| 005 | 20191106144401.0 | ||
| 008 | 170607s1892 hu o 0|| hun d | ||
| 040 | |a SZTE Miscellanea Repozitórium |b hun | ||
| 041 | |a hun | ||
| 245 | 0 | 2 | |a A biztositási [!biztosítási] törvényhozás a külföldi államokban |h [elektronikus dokumentum] |
| 260 | |c 1892 | ||
| 300 | |a 22-28 | ||
| 490 | 0 | |a A kereskedelmi jog és ismeretek tára : havi folyóirat |v 2 No. 11 | |
| 695 | |a Jogtudomány, Közgazdaságtudomány | ||
| 856 | 4 | 0 | |u http://misc.bibl.u-szeged.hu/2459/1/kereskedelmi_002_011_022-028.pdf |z Dokumentum-elérés |